| 000 | 00000nam##2200000za#4500 |
| 001 | 9.693623 |
| 003 | CaOODSP |
| 005 | 20210624233741 |
| 007 | cr ||||||||||| |
| 008 | 150407|2000||||xxc|||||o f|0| 0 eng|d |
| 040 | |aCaOODSP|beng |
| 043 | |an-cn--- |
| 086 | 1 |aBT22-67/2000E-PDF |
| 110 | 1 |aCanada. |bTreasury Board. |
| 245 | 10|aEmbracing change in the federal public service / |h[electronic resource]|c[issued by the] Task Force on the Participation of Visible Minorities in the Federal Public Service. |
| 260 | |bTreasury Board of Canada Secretariat |c2000. |
| 300 | |a60p.|bgraphs, tables |
| 500 | |aThe catalogue number (BT22-67/2000) and ISBN (0-662-64875-7) for the bilingual print edition have been incorrectly copied in this electronic publication. |
| 590 | |a10-07-Supp|b2010-09-08 |
| 690 | 07|aPublic service|2gcpds |
| 690 | 07|aVisible minorities|2gcpds |
| 775 | 08|tFaire place au changement dans la fonction publique fédérale / |w(CaOODSP)9.637798 |
| 776 | 0#|tEmbracing change in the Federal Public Service / |w(CaOODSP)9.661749 |
| 776 | 0#|tEmbracing change in the Federal Public Service / |w(CaOODSP)9.661751 |
| 776 | 0#|tFaire place au changement dans la fonction publique fédérale / |w(CaOODSP)9.661752 |
| 776 | 0#|tFaire place au changement dans la fonction publique fédérale / |w(CaOODSP)9.661750 |
| 856 | 40|ahttp://publications.gc.ca|qPDF|s526 KB|uhttps://publications.gc.ca/collections/Collection/BT22-67-2000E.pdf |